Cuestiones de derecho inmobiliario

Bibliographic Details
Main Author: Rodrg̕uez Otero, Lino
Format: Unknown
Language:Spanish
Published: Madrid : Dijusa, 2008
Subjects:
Online Access:Acceso restringido

MARC

LEADER 00000ny a22000003n 4500
005 20110620163818.0
008 050422s2008 sp 00| 0 spa d
020 |a 978-84-95748-61-4 
035 |a 2562 
040 |a Mpons  |d vlex 
090 |c 1356  |d 1356 
100 1 |a Rodrg̕uez Otero, Lino 
245 1 0 |a Cuestiones de derecho inmobiliario  |h [Recurso electrn̤ico]  |c Lino Rodrg̕uez Otero 
256 |a Servicio en ln̕ea 
260 |a Madrid :  |b Dijusa,  |c 2008 
300 |a p. ;  |c cm 
650 0 4 |a Derecho inmobiliario registral 
740 0 |a vLex Libros (Servicios en ln̕ea) 
856 4 0 |z Acceso restringido  |u http://vlex.com/source/derecho-inmobiliario-cuestiones-2562 
942 |c BOOK